Old Movies by Picture (1940's) - Statistics

General Stats
  • This quiz has been taken 45 times
  • The average score is 5 of 16
Answer Stats
Picture Answer % Correct
It's a wonderful life (Franck Capra)
89%
Casabanca (Michael Curtiz)
79%
Citizen Kane (Orson Welles)
58%
The Philadelphia Story (George Cukor)
42%
Double Indemnity (Billy Wilder)
39%
Notorious (Alfred Hitchcock)
34%
Arsenic and Old Lace (Franck Capra)
32%
The third Man (Carol Reed)
29%
To be or not to be (Ernst Lubitsch)
26%
The Shop around the Corner (Ernst Lubitsch)
24%
Laura (Otto Preminger)
21%
The Ghost and Mrs. Muir (Joseph.L.Mankiewicz)
21%
The Rope (Alfred Hitchcock)
21%
Saboteur (Alfred Hitchcock)
8%
My Darling Clementine (John Ford)
5%
The Lady from Shanghai (Orson Welles)
5%
No matching quizzes found
Score Distribution
Percent of People with Each Score
Percentile by Number Answered
Your Score History
You have not taken this quiz